Premier League Runners Up Starting XI - Statistics

General Stats
  • This quiz has been taken 238 times
  • The average score is 235 of 352
Answer Stats
Group Hint Answer % Correct
Arsenal 2023/24 MFNorway Martin Odegaard
97%
Arsenal 2022/23 MFNorway Martin Odegaard
97%
Arsenal 2023/24 DFUkraine Oleksandr Zinchenko
97%
Arsenal 2022/23 DFUkraine Oleksandr Zinchenko
97%
Arsenal 2023/24 GKSpain David Raya
96%
Arsenal 2023/24 DFFrance William Saliba
96%
Arsenal 2022/23 DFFrance William Saliba
96%
Liverpool 2021/22 GKBrazil Alisson Becker
95%
Liverpool 2018/19 GKBrazil Alisson Becker
95%
Arsenal 2023/24 FWEngland Bukayo Saka
95%
Arsenal 2022/23 FWEngland Bukayo Saka
95%
Liverpool 2021/22 FWEgypt Mohamed Salah
95%
Liverpool 2018/19 FWEgypt Mohamed Salah
95%
Liverpool 2021/22 FWSenegal Sadio Mane
95%
Liverpool 2018/19 FWSenegal Sadio Mane
95%
Liverpool 2021/22 DFNetherlands Virgil van Dijk
95%
Liverpool 2018/19 DFNetherlands Virgil van Dijk
95%
Liverpool 2021/22 DFScotland Andrew Robertson
94%
Liverpool 2018/19 DFScotland Andrew Robertson
94%
Tottenham Hotspur 2016/17 MFEngland Dele Alli
94%
Arsenal 2023/24 FWBrazil Gabriel Martinelli
94%
Arsenal 2022/23 FWBrazil Gabriel Martinelli
94%
Arsenal 2023/24 FWBelgium Leandro Trossard
94%
Arsenal 2023/24 DFEngland Ben White
93%
Arsenal 2022/23 DFEngland Ben White
93%
Manchester City 2019/20 MFSpain David Silva
93%
Manchester City 2014/15 MFSpain David Silva
93%
Manchester City 2012/13 MFSpain David Silva
93%
Arsenal 2022/23 FWBrazil Gabriel Jesus
93%
Manchester City 2019/20 FWBrazil Gabriel Jesus
93%
Arsenal 2023/24 DFBrazil Gabriel Magalhaes
93%
Liverpool 2021/22 MFEngland Jordan Henderson
93%
Liverpool 2018/19 MFEngland Jordan Henderson
93%
Liverpool 2013/14 MFEngland Jordan Henderson
93%
Manchester City 2019/20 FWPortugal Bernardo Silva
92%
Manchester United 2020/21 GKSpain David de Gea
92%
Manchester United 2017/18 GKSpain David de Gea
92%
Manchester United 2011/12 GKSpain David de Gea
92%
Liverpool 2021/22 FWPortugal Diogo Jota
92%
Arsenal 2015/16 DFBrazil Gabriel Paulista
92%
Arsenal 2002/03 MFBrazil Gilberto Silva
92%
Arsenal 2015/16 GKCzechia Petr Cech
92%
Chelsea 2010/11 GKCzechia Petr Cech
92%
Chelsea 2007/08 GKCzechia Petr Cech
92%
Chelsea 2006/07 GKCzechia Petr Cech
92%
Arsenal 2022/23 GKEngland Aaron Ramsdale
91%
Arsenal 2023/24 MFEngland Declan Rice
91%
Liverpool 2021/22 MFBrazil Fabinho
91%
Liverpool 2018/19 MFBrazil Fabinho
91%
Manchester City 2019/20 DFEngland Kyle Walker
91%
Tottenham Hotspur 2016/17 DFEngland Kyle Walker
91%
Liverpool 2018/19 FWBrazil Roberto Firmino
91%
Arsenal 2022/23 MFGhana Thomas Partey
91%
Liverpool 2021/22 DFEngland Trent Alexander-Arnold
91%
Liverpool 2018/19 DFEngland Trent Alexander-Arnold
91%
Chelsea 2010/11 FWCôte d'Ivoire (Ivory Coast) Didier Drogba
90%
Chelsea 2006/07 FWCôte d'Ivoire (Ivory Coast) Didier Drogba
90%
Manchester City 2019/20 GKBrazil Ederson
90%
Arsenal 2022/23 DFBrazil Gabriel Magalhaes
90%
Arsenal 2022/23 MFSwitzerland Granit Xhaka
90%
Liverpool 2021/22 DFCameroon Joel Matip
90%
Arsenal 2023/24 MFGermany Kai Havertz
90%
Manchester City 2019/20 MFBelgium Kevin de Bruyne
90%
Manchester United 2020/21 FWEngland Marcus Rashford
90%
Manchester City 2014/15 FW
Argentina
Sergio Aguero
90%
Manchester City 2012/13 FW
Argentina
Sergio Aguero
90%
Tottenham Hotspur 2016/17 FWSouth Korea Son Heung-Min
90%
Liverpool 2021/22 MFSpain Thiago Alcantara
90%
Chelsea 2010/11 MFEngland Frank Lampard
89%
Chelsea 2007/08 MFEngland Frank Lampard
89%
Chelsea 2006/07 MFEngland Frank Lampard
89%
Chelsea 2003/04 MFEngland Frank Lampard
89%
Manchester City 2014/15 GKEngland Joe Hart
89%
Manchester City 2012/13 GKEngland Joe Hart
89%
Manchester United 2020/21 MFScotland Scott McTominay
89%
Arsenal 2015/16 MFChile Alexis Sanchez
88%
Manchester United 2020/21 MFPortugal Bruno Fernandes
88%
Manchester United 2005/06 FWPortugal Cristiano Ronaldo
88%
Manchester United 2009/10 GKNetherlands Edwin van der Sar
88%
Manchester United 2005/06 GKNetherlands Edwin van der Sar
88%
Tottenham Hotspur 2016/17 FWEngland Harry Kane
88%
Manchester United 2020/21 DFEngland Harry Maguire
88%
Tottenham Hotspur 2016/17 GKFrance Hugo Lloris
88%
Liverpool 2013/14 FWUruguay Luis Suarez
88%
Manchester United 2020/21 MFFrance Paul Pogba
88%
Manchester United 2017/18 MFFrance Paul Pogba
88%
Manchester City 2019/20 FWEngland Raheem Sterling
88%
Liverpool 2013/14 FWEngland Raheem Sterling
88%
Manchester United 2020/21 DFSweden Victor Lindelof
88%
Manchester United 2011/12 FWEngland Wayne Rooney
88%
Manchester United 2009/10 FWEngland Wayne Rooney
88%
Manchester United 2005/06 FWEngland Wayne Rooney
88%
Chelsea 2010/11 DFEngland John Terry
87%
Chelsea 2007/08 DFEngland John Terry
87%
Chelsea 2006/07 DFEngland John Terry
87%
Chelsea 2003/04 DFEngland John Terry
87%
Manchester United 2020/21 DFEngland Luke Shaw
87%
Manchester City 2014/15 MFCôte d'Ivoire (Ivory Coast) Yaya Toure
87%
Manchester City 2012/13 MFCôte d'Ivoire (Ivory Coast) Yaya Toure
87%
Manchester United 2017/18 FWFrance Anthony Martial
86%
Manchester United 2017/18 DFEcuador Antonio Valencia
86%
Manchester United 2011/12 MFEcuador Antonio Valencia
86%
Manchester United 2009/10 DFEcuador Antonio Valencia
86%
Tottenham Hotspur 2016/17 MFDenmark Christian Eriksen
86%
Manchester City 2019/20 DFBrazil Fernandinho
86%
Manchester City 2014/15 MFBrazil Fernandinho
86%
Liverpool 2018/19 MFNetherlands Georginio Wijnaldum
86%
Manchester City 2019/20 MFGermany Ilkay Gundogan
86%
Arsenal 2004/05 DFCôte d'Ivoire (Ivory Coast) Kolo Toure
86%
Chelsea 2010/11 MFGhana Michael Essien
86%
Chelsea 2007/08 MFGhana Michael Essien
86%
Chelsea 2006/07 MFGhana Michael Essien
86%
Manchester City 2019/20 DF
Argentina
Nicolas Otamendi
86%
Manchester United 2017/18 FWBelgium Romelu Lukaku
86%
Manchester United 2009/10 MFWales Ryan Giggs
86%
Manchester United 2005/06 MFWales Ryan Giggs
86%
Manchester United 1997/98 MFWales Ryan Giggs
86%
Manchester United 1994/95 FWWales Ryan Giggs
86%
Liverpool 2013/14 MFEngland Steven Gerrard
86%
Liverpool 2008/09 MFEngland Steven Gerrard
86%
Liverpool 2001/02 MFEngland Steven Gerrard
86%
Arsenal 2004/05 FWFrance Thierry Henry
86%
Arsenal 2002/03 FWFrance Thierry Henry
86%
Arsenal 2000/01 FWFrance Thierry Henry
86%
Arsenal 1999/2000 FWFrance Thierry Henry
86%
Arsenal 2015/16 MFWales Aaron Ramsey
85%
Tottenham Hotspur 2016/17 DFBelgium Jan Vertonghen
85%
Manchester City 2014/15 DFBelgium Vincent Kompany
85%
Manchester City 2012/13 DFBelgium Vincent Kompany
85%
Manchester City 2019/20 MFSpain Rodri
84%
Manchester United 2020/21 MFBrazil Fred
83%
Manchester United 1997/98 FWEngland Andrew Cole
82%
Chelsea 2010/11 DFEngland Ashley Cole
82%
Chelsea 2007/08 DFEngland Ashley Cole
82%
Chelsea 2006/07 DFEngland Ashley Cole
82%
Arsenal 2004/05 DFEngland Ashley Cole
82%
Arsenal 2002/03 DFEngland Ashley Cole
82%
Liverpool 2008/09 FWSpain Fernando Torres
82%
Chelsea 2007/08 MFEngland Joe Cole
82%
Arsenal 2015/16 MFGermany Mesut Ozil
82%
Manchester United 2009/10 DFSerbia Nemanja Vidic
82%
Manchester City 2014/15 DF
Argentina
Pablo Zabaleta
82%
Manchester City 2012/13 DF
Argentina
Pablo Zabaleta
82%
Manchester United 2009/10 MFEngland Paul Scholes
82%
Manchester United 1997/98 MFEngland Paul Scholes
82%
Liverpool 2008/09 GKSpain Pepe Reina
82%
Manchester United 2011/12 FWPortugal Nani
81%
Manchester United 2009/10 FWPortugal Nani
81%
Manchester United 2017/18 MFSerbia Nemanja Matic
81%
Liverpool 2013/14 GKBelgium Simon Mignolet
81%
Arsenal 2004/05 FWNetherlands Dennis Bergkamp
80%
Arsenal 2002/03 FWNetherlands Dennis Bergkamp
80%
Arsenal 1999/2000 FWNetherlands Dennis Bergkamp
80%
Arsenal 1998/99 FWNetherlands Dennis Bergkamp
80%
Manchester United 1997/98 DFNorway Henning Berg
80%
Blackburn Rovers 1993/94 DFNorway Henning Berg
80%
Manchester United 2005/06 MFSouth Korea Park Ji-sung
80%
Chelsea 2007/08 DFPortugal Ricardo Carvalho
80%
Chelsea 2006/07 DFPortugal Ricardo Carvalho
80%
Liverpool 2013/14 FWEngland Daniel Sturridge
79%
Arsenal 2002/03 GKEngland David Seaman
79%
Arsenal 2000/01 GKEngland David Seaman
79%
Arsenal 1999/2000 GKEngland David Seaman
79%
Arsenal 1998/99 GKEngland David Seaman
79%
Manchester United 2009/10 FWBulgaria Dimitar Berbatov
79%
Newcastle United 1996/97 FWEngland Les Ferdinand
79%
Newcastle United 1995/96 FWEngland Les Ferdinand
79%
Arsenal 2015/16 FWFrance Olivier Giroud
79%
Arsenal 2015/16 DFGermany Per Mertesacker
79%
Manchester United 2011/12 DFEngland Rio Ferdinand
79%
Manchester United 2005/06 DFEngland Rio Ferdinand
79%
Tottenham Hotspur 2016/17 DFBelgium Toby Alderweireld
79%
Manchester City 2014/15 DFFrance Gael Clichy
78%
Manchester City 2012/13 DFFrance Gael Clichy
78%
Manchester United 2011/12 DFNorthern Ireland Jonny Evans
78%
Manchester United 2011/12 DFFrance Patrice Evra
78%
Manchester United 2009/10 DFFrance Patrice Evra
78%
Chelsea 2006/07 FWUkraine Andriy Shevchenko
77%
Arsenal 2004/05 GKGermany Jens Lehmann
77%
Chelsea 2010/11 MFNigeria John Obi Mikel
77%
Chelsea 2007/08 MFNigeria John Obi Mikel
77%
Arsenal 2004/05 MFFrance Patrick Vieira
77%
Arsenal 2002/03 MFFrance Patrick Vieira
77%
Arsenal 2000/01 MFFrance Patrick Vieira
77%
Arsenal 1999/2000 MFFrance Patrick Vieira
77%
Arsenal 1998/99 MFFrance Patrick Vieira
77%
Manchester United 1997/98 GKDenmark Peter Schmeichel
77%
Manchester United 1994/95 GKDenmark Peter Schmeichel
77%
Manchester United 2005/06 FWNetherlands Ruud van Nistelrooy
77%
Liverpool 2018/19 MFEngland James Milner
76%
Liverpool 2013/14 DFSlovakia Martin Skrtel
76%
Liverpool 2008/09 DFSlovakia Martin Skrtel
76%
Arsenal 2004/05 MFFrance Robert Pires
76%
Arsenal 2002/03 MFFrance Robert Pires
76%
Arsenal 2000/01 MFFrance Robert Pires
76%
Liverpool 2008/09 DFEngland Jamie Carragher
75%
Liverpool 2001/02 DFEngland Jamie Carragher
75%
Manchester United 2011/12 MFEngland Michael Carrick
75%
Manchester United 2009/10 MFEngland Michael Carrick
75%
Liverpool 2013/14 MFBrazil Philippe Coutinho
75%
Manchester City 2012/13 MFFrance Samir Nasri
75%
Manchester United 2020/21 DFEngland Aaron Wan-Bissaka
74%
Arsenal 2015/16 DFFrance Laurent Koscielny
74%
Liverpool 2008/09 MFSpain Xabi Alonso
74%
Chelsea 2010/11 DFSerbia Branislav Ivanovic
73%
Manchester United 2017/18 MFSpain Juan Mata
73%
Tottenham Hotspur 2016/17 MFBelgium Mousa Dembele
73%
Manchester United 2017/18 DFEngland Phil Jones
73%
Manchester United 2011/12 DFEngland Phil Jones
73%
Tottenham Hotspur 2016/17 MFKenya Victor Wanyama
73%
Arsenal 2004/05 MFSweden Frederik Ljungberg
72%
Arsenal 2000/01 FWSweden Frederik Ljungberg
72%
Manchester United 2005/06 DFEngland Gary Neville
72%
Manchester United 1997/98 DFEngland Gary Neville
72%
Arsenal 2015/16 DFSpain Hector Bellerin
72%
Manchester United 1997/98 DFEngland Phil Neville
72%
Manchester United 2005/06 DFIreland John O'shea
71%
Arsenal 2015/16 DFSpain Nacho Monreal
71%
Liverpool 2001/02 GKPoland Jerzy Dudek
70%
Manchester City 2014/15 DF
Argentina
Martin Demichelis
70%
Newcastle United 1996/97 FWEngland Alan Shearer
69%
Blackburn Rovers 1993/94 FWEngland Alan Shearer
69%
Manchester City 2012/13 FW
Argentina
Carlos Tevez
69%
Arsenal 2004/05 MFSpain Cesc Fabregas
69%
Chelsea 2006/07 MFGermany Michael Ballack
69%
Chelsea 2007/08 FWCôte d'Ivoire (Ivory Coast) Salomon Kalou
69%
Chelsea 2006/07 FWCôte d'Ivoire (Ivory Coast) Salomon Kalou
69%
Manchester United 2009/10 MFScotland Darren Fletcher
68%
Manchester United 2005/06 MFScotland Darren Fletcher
68%
Aston Villa 1992/93 FWTrinidad and Tobago Dwight Yorke
68%
Liverpool 2013/14 MFBrazil Lucas Leiva
68%
Chelsea 2010/11 FWFrance Nicolas Anelka
68%
Arsenal 1998/99 FWFrance Nicolas Anelka
68%
Chelsea 2010/11 MFBrazil Ramires
68%
Liverpool 2008/09 FWNetherlands Dirk Kuyt
67%
Chelsea 2006/07 MFFrance Claude Makelele
66%
Chelsea 2003/04 MFFrance Claude Makelele
66%
Liverpool 2001/02 DFNorway John Arne Riise
66%
Manchester United 1997/98 MFEngland David Beckham
64%
Liverpool 2008/09 MF
Argentina
Javier Mascherano
64%
Liverpool 2001/02 FWEngland Michael Owen
64%
Arsenal 2002/03 DFEngland Sol Campbell
63%
Manchester United 2017/18 DFEngland Chris Smalling
62%
Manchester United 1994/95 MFIreland Roy Keane
62%
Arsenal 1999/2000 MFFrance Emmanuel Petit
61%
Arsenal 1998/99 MFFrance Emmanuel Petit
61%
Chelsea 2010/11 FWFrance Florent Malouda
61%
Liverpool 2001/02 DFFinland Sami Hyypia
59%
Chelsea 2007/08 DFBrazil Alex
58%
Manchester City 2012/13 MFEngland Gareth Barry
58%
Manchester United 2011/12 FWEngland Danny Welbeck
57%
Liverpool 2013/14 DFEngland Glen Johnson
57%
Manchester United 2017/18 FWEngland Jesse Lingard
57%
Manchester United 2020/21 FWEngland Mason Greenwood
56%
Arsenal 2000/01 DFEngland Tony Adams
56%
Arsenal 1998/99 DFEngland Tony Adams
56%
Liverpool 2008/09 MFIsrael Yossi Benayoun
56%
Manchester United 2017/18 DFEngland Ashley Young
55%
Manchester United 2011/12 MFEngland Ashley Young
55%
Manchester City 2014/15 DFFrance Eliaquim Mangala
55%
Arsenal 2015/16 MFFrance Francis Coquelin
53%
Manchester United 2005/06 DFFrance Mikael Silvestre
52%
Arsenal 2004/05 DFCameroon Lauren
51%
Arsenal 2002/03 DFCameroon Lauren
51%
Arsenal 1999/2000 FWNigeria Nwankwo Kanu
51%
Manchester United 1997/98 FWEngland Teddy Sheringham
51%
Manchester United 1994/95 DFIreland Denis Irwin
49%
Manchester City 2014/15 MFSpain Jesus Navas
49%
Chelsea 2003/04 FWNetherlands Jimmy Floyd Hasselbaink
49%
Arsenal 1998/99 MFNetherlands Marc Overmars
49%
Tottenham Hotspur 2016/17 DFEngland Eric Dier
45%
Manchester United 1997/98 MFEngland Nicky Butt
42%
Manchester United 1994/95 DFEngland Steve Bruce
41%
Arsenal 2004/05 MFSpain Jose Antonio Reyes
40%
Manchester City 2012/13 DFSerbia Matija Nastasic
40%
Arsenal 2002/03 FWFrance Sylvain Wiltord
40%
Arsenal 2000/01 DFEngland Lee Dixon
39%
Arsenal 1999/2000 DFEngland Lee Dixon
39%
Arsenal 1998/99 DFEngland Lee Dixon
39%
Manchester United 1994/95 FWWales Mark Hughes
39%
Manchester United 1997/98 DFEngland Gary Pallister
38%
Manchester United 1994/95 DFEngland Gary Pallister
38%
Arsenal 2002/03 DFEngland Martin Keown
38%
Arsenal 2000/01 DFEngland Martin Keown
38%
Arsenal 1999/2000 DFEngland Martin Keown
38%
Arsenal 1998/99 DFEngland Martin Keown
38%
Arsenal 2000/01 MFEngland Ray Parlour
38%
Arsenal 1999/2000 MFEngland Ray Parlour
38%
Arsenal 1998/99 MFEngland Ray Parlour
38%
Liverpool 2008/09 DFSpain Alvaro Arbeloa
36%
Liverpool 2001/02 MFGermany Dietmar Hamann
36%
Chelsea 2003/04 DFFrance William Gallas
36%
Chelsea 2003/04 GKItaly Carlo Cudicini
34%
Liverpool 2013/14 DFEngland Jon Flanagan
34%
Manchester United 1994/95 MFEngland Paul Ince
34%
Newcastle United 1995/96 MFFrance David Ginola
32%
Liverpool 2001/02 FWEngland Emile Heskey
32%
Chelsea 2003/04 FWRomania Adrian Mutu
31%
Manchester United 1994/95 MFRussia Andrei Kanchelskis
29%
Blackburn Rovers 1993/94 MFEngland Tim Sherwood
28%
Arsenal 1998/99 DFEngland Nigel Winterburn
27%
Liverpool 2001/02 DFSwitzerland Stephane Henchoz
24%
Blackburn Rovers 1993/94 GKEngland Tim Flowers
23%
Chelsea 2003/04 DFEngland Wayne Bridge
23%
Liverpool 2001/02 MFEngland Danny Murphy
22%
Newcastle United 1995/96 GKTrinidad and Tobago Shaka Hislop
22%
Liverpool 2001/02 MFScotland Gary McAllister
21%
Arsenal 2000/01 DFBrazil Sylvinho
20%
Arsenal 1999/2000 DFBrazil Sylvinho
20%
Manchester United 1994/95 MFScotland Brian McClair
18%
Aston Villa 1992/93 MFEngland Garry Parker
18%
Blackburn Rovers 1993/94 DFEngland Graeme Le Saux
18%
Newcastle United 1996/97 MFEngland Peter Beardsley
18%
Newcastle United 1995/96 FWEngland Peter Beardsley
18%
Newcastle United 1996/97 MFEngland Rob Lee
18%
Newcastle United 1995/96 MFEngland Rob Lee
18%
Chelsea 2003/04 MFCameroon Geremi
16%
Chelsea 2007/08 DFBrazil Juliano Belletti
16%
Manchester United 1994/95 MFEngland Lee Sharpe
16%
Newcastle United 1996/97 MFEngland David Batty
14%
Blackburn Rovers 1993/94 MFEngland David Batty
14%
Chelsea 2003/04 MFDenmark Jesper Gronkjaer
14%
Aston Villa 1992/93 DFIreland Paul McGrath
14%
Liverpool 2008/09 FWSpain Albert Riera
13%
Blackburn Rovers 1993/94 DFEngland David May
13%
Newcastle United 1996/97 MFNorthern Ireland Keith Gillespie
13%
Newcastle United 1995/96 MFNorthern Ireland Keith Gillespie
13%
Chelsea 2003/04 DFNetherlands Mario Melchiot
13%
Newcastle United 1996/97 DFBelgium Philippe Albert
13%
Newcastle United 1996/97 DFEngland Robbie Elliott
13%
Aston Villa 1992/93 FWWales Dean Saunders
12%
Arsenal 2000/01 DFFrance Gilles Grimandi
12%
Arsenal 1999/2000 DFFrance Gilles Grimandi
12%
Newcastle United 1996/97 GKCzechia Pavel Srnicek
12%
Blackburn Rovers 1993/94 MFEngland Jason Wilcox
11%
Blackburn Rovers 1993/94 FWScotland Kevin Gallacher
10%
Aston Villa 1992/93 DFIreland Steve Staunton
10%
Blackburn Rovers 1993/94 FWEngland Stuart Ripley
10%
Newcastle United 1995/96 DFEngland Steve Howey
8%
Newcastle United 1995/96 DFEngland Warren Barton
8%
Aston Villa 1992/93 FWEngland Dalian Atkinson
7%
Newcastle United 1996/97 DFEngland Darren Peacock
5%
Newcastle United 1995/96 DFEngland Darren Peacock
5%
Aston Villa 1992/93 MFEngland Kevin Richardson
5%
Newcastle United 1995/96 MFEngland Lee Clark
5%
Aston Villa 1992/93 GKEngland Nigel Spink
5%
Aston Villa 1992/93 MFIreland Ray Houghton
5%
Aston Villa 1992/93 DFEngland Earl Barrett
3%
Newcastle United 1995/96 DFEngland John Beresford
3%
Blackburn Rovers 1993/94 FWEngland Mike Newell
3%
Aston Villa 1992/93 DFEngland Shaun Teale
3%
Newcastle United 1996/97 DFEngland Steve Watson
3%
No matching quizzes found
Score Distribution
Percent of People with Each Score
Percentile by Number Answered
Your Score History
You have not taken this quiz